| 000 | 00884cam a2200289 i 4500 | ||
|---|---|---|---|
| 001 | 74808 | ||
| 003 | TR-AnTOB | ||
| 005 | 20251114115136.0 | ||
| 007 | ta | ||
| 008 | 161110s2002 tu ab c 000 0 tur d | ||
| 040 |
_aTR-AnTOB _beng _erda _cTR-AnTOB |
||
| 041 | 0 | _atur | |
| 050 | 1 | 4 |
_aDS51.N59 _bG42 2002 |
| 090 |
_aTOBBK DS51.N59 _bG42 2002 |
||
| 245 | 0 | 0 |
_aGeçmişten günümüze Nizip / _chazırlayan İ. Halil İmamoğulları. |
| 264 | 1 |
_aİstanbul : _bİşmont, _c2002. |
|
| 300 |
_a320 pages ; _bıllustration, maps ; _c30 cm |
||
| 336 |
_atext _btxt _2rdacontent |
||
| 337 |
_aunmediated _bn _2rdamedia |
||
| 338 |
_avolume _bnc _2rdacarrier |
||
| 504 | _aBIB | ||
| 651 | 7 |
_aGaziantep İli (Türkiye) _xTarih _2etuturkob _954645 |
|
| 653 | 5 | _aNizip (Türkiye)--Tarih | |
| 700 | 1 |
_aİmamoğulları, İ. Halil _eeditor _954801 |
|
| 942 |
_cBK _2lcc |
||
| 999 |
_c74808 _d23067 |
||